000 00286nam a22001337a 4500
008 171005b xxu||||| |||| 00| 0 eng d
020 _a670581984
041 _aeng
080 _a159.9
100 _a49
101 _aPSI
245 _aTHE PSYCHOLOGY
_cORNSTEIN.R.E
942 _2udc
_cBK
999 _c31993
_d31993